| 000 | 01412nam a2200373 i 4500 | ||
|---|---|---|---|
| 003 | CO-BoRNBP | ||
| 005 | 20220317000250.0 | ||
| 007 | ta | ||
| 008 | 210917r20102017sp a br 000 0bspa d | ||
| 020 | _a9788434236530 | ||
| 040 |
_aCO-BoRNBP _bspa _erda _cCO-BoRNBP |
||
| 041 | 0 | _aspa | |
| 082 | 0 | 4 |
_a920.71 _bG87b _222 |
| 082 | 0 | 4 |
_a920.71 _bG87B |
| 100 | 1 |
_aBorrás, Lluís _dautor |
|
| 245 | 1 | 0 |
_aMe llamo... Johannes Gutenberg _ctexto Lluís Borrás Perelló ; ilustraciones Francesca Carabelli |
| 246 | 3 | 1 | _aMi imprenta revoluciono el mundo |
| 250 | _aPrimera edición | ||
| 250 | _aSegunda edición | ||
| 264 | 1 |
_aBadalona, España _bParramón _c2010 _c2017 |
|
| 300 |
_a63 páginas _bilustraciones a color _c22 cm |
||
| 336 |
_atexto _btxt _2rdacontent |
||
| 337 |
_asin mediación _bn _2rdamedia |
||
| 338 |
_avolumen _bnc _2rdacarrier |
||
| 490 | 0 | _aMe llamo... | |
| 500 | _aIncluye cronología de la historia, ciencia y artes en el mundo durante el período comprendido entre 1400 y 1470 | ||
| 521 | _aRecomendado para un público infantil mayor de 9 años | ||
| 600 | 1 | 4 |
_aGutenberg, Johann _d1400-1468 _vBiografías _9201294 |
| 650 | 1 | 7 |
_aInventores alemanes _vBiografías _ySiglos XV-XVI _2LEMB |
| 650 | 1 | 7 |
_aImprenta _xOrigen y antecedentes _ySiglos XV-XVI _2LEMB |
| 650 | 1 | 7 |
_aPapel _xHistoria _ySiglos XV-XVI _2LEMB |
| 700 | 1 |
_aCarabelli, Francesca _eilustradora _9201297 |
|
| 942 |
_2ddc _cBKINF |
||
| 999 |
_c3564 _d3564 |
||